00314pab a2200133 454500008004000000100001500040245004300055260000900098300001000107362000800117650002000125700001600145773001900161180718b2002 xxu||||| |||| 00| 0 eng d aSekhar, K. aEconomic reforms and the social sector c2002 ap.3-5 aFeb aEconomic reform aPraseeda C. aSocial Welfare